[Event "Serra IRT 4th"]
[Site "Serra"]
[Date "2014.08.24"]
[Round "4"]
[White "Verdibello, Mario Arnaldo Batis"]
[Black "Machado Ribeiro, Andre Luiz"]
[Result "1-0"]
[WhiteElo "2094"]
[BlackElo "2143"]
[PlyCount "67"]
[EventDate "2014.08.23"]
[EventType "tourn"]
[EventRounds "18"]
[EventCountry "BRA"]
[SourceTitle "EXT 2018"]
[Source "ChessBase"]
[SourceDate "2017.10.13"]
[SourceVersion "1"]
[SourceVersionDate "2017.10.13"]
[SourceQuality "1"]

1. c4 Nf6 2. Nc3 g6 3. g3 Bg7 4. Bg2 0-0 5. Nf3 d6 6. 0-0 e5 7. d3 Nc6 8. Bd2 a5 9. a3 Nh5 10. Rb1 f5 11. b4 axb4 12. axb4 f4 13. b5 Nd4 14. Nxd4 exd4 15. Nd5 Be5 16. gxf4 Nxf4 17. Nxf4 Rxf4 18. Bxf4 Bxf4 19. e3 dxe3 20. Qf3 Qh4 21. h3 e2 22. Rfe1 Ra2 23. Ra1 Rxa1 24. Rxa1 Be5 25. Re1 g5 26. Rxe2 g4 27. Qd5+ Kf8 28. Qe4 Qh5 29. hxg4 Bxg4 30. Re1 Bf5 31. Qe3 h6 32. d4 Bh2+ 33. Kf1 Qg6 34. Qe7+ 1-0

[Event "Serra IRT 3rd"]
[Site "Serra"]
[Date "2013.12.07"]
[Round "5.2"]
[White "Vieira, Paulo Cesar"]
[Black "Machado Ribeiro, Andre Luiz"]
[Result "0-1"]
[WhiteElo "1888"]
[BlackElo "2130"]
[PlyCount "50"]
[EventDate "2013.12.05"]
[EventType "tourn"]
[EventRounds "10"]
[EventCountry "BRA"]
[SourceTitle "EXT 2022"]
[Source "ChessBase"]
[SourceDate "2021.10.06"]
[SourceVersion "1"]
[SourceVersionDate "2021.10.06"]
[SourceQuality "1"]

1. e4 e5 2. Nf3 Nf6 3. Bc4 Nc6 4. d4 exd4 5. 0-0 Bc5 6. e5 d5 7. exf6 dxc4 8. Re1+ Be6 9. Ng5 Qd5 10. Nc3 Qf5 11. Nce4 Bb6 12. g4 Qg6 13. Nxe6 fxe6 14. Ng5 e5 15. fxg7 Rg8 16. f4 0-0-0 17. f5 Qxg7 18. Kh1 Qd7 19. Qf3 d3 20. cxd3 Qxd3 21. h3 h5 22. Qe4 hxg4 23. hxg4 Qg3 24. f6 Rh8+ 25. Nh7 Qh3# 0-1

[Event "Serra IRT 3rd"]
[Site "Serra"]
[Date "2013.12.06"]
[Round "3.1"]
[White "Silva, Luiz Carlos Dutra"]
[Black "Machado Ribeiro, Andre Luiz"]
[Result "0-1"]
[WhiteElo "1866"]
[BlackElo "2130"]
[PlyCount "84"]
[EventDate "2013.12.05"]
[EventType "tourn"]
[EventRounds "10"]
[EventCountry "BRA"]
[SourceTitle "EXT 2022"]
[Source "ChessBase"]
[SourceDate "2021.10.06"]
[SourceVersion "1"]
[SourceVersionDate "2021.10.06"]
[SourceQuality "1"]

1. e4 c5 2. Nf3 Nc6 3. d4 cxd4 4. Nxd4 d6 5. Nc3 e5 6. Nf3 Nf6 7. Bb5 Be6 8. 0-0 a6 9. Be2 d5 10. Nxd5 Nxd5 11. exd5 Qxd5 12. c3 Qxd1 13. Rxd1 h6 14. h3 Bc5 15. b4 Bb6 16. b5 axb5 17. Bxb5 f6 18. Bd2 0-0-0 19. a4 Bd5 20. Bxc6 Bxc6 21. Kf1 Ba5 22. Ke2 Bd5 23. Rab1 Rd6 24. Ke1 Rhd8 25. h4 Bc6 26. Ke2 Bxa4 27. Rdc1 Bd7 28. Be3 Be6 29. Kf1 Bc4+ 30. Kg1 Rd3 31. Ne1 Rxc3 32. Rxc3 Bxc3 33. Rc1 Bxe1 34. Rxc4+ Kb8 35. Kf1 Ba5 36. Ke2 f5 37. Rc5 Bc7 38. h5 f4 39. Bd2 Bd6 40. Rb5 g5 41. hxg6 Rg8 42. Kf3 Rxg6 0-1

[Event "Vitoria ECXA 2nd"]
[Site "Vitoria"]
[Date "2009.07.09"]
[Round "3.4"]
[White "Estolano, Edilson"]
[Black "Machado Ribeiro, Andre Luiz"]
[Result "1-0"]
[WhiteElo "1878"]
[BlackElo "2143"]
[PlyCount "75"]
[EventDate "2009.07.07"]
[EventType "tourn"]
[EventRounds "9"]
[EventCountry "BRA"]
[SourceTitle "EXT 2022"]
[Source "ChessBase"]
[SourceDate "2021.10.06"]
[SourceVersion "1"]
[SourceVersionDate "2021.10.06"]
[SourceQuality "1"]

1. d4 Nf6 2. c4 g6 3. Nc3 Bg7 4. e4 0-0 5. Be2 Nc6 6. Nf3 d6 7. 0-0 e5 8. d5 Ne7 9. Ne1 Nd7 10. Be3 f5 11. f3 f4 12. Bf2 g5 13. b4 h5 14. c5 Nf6 15. a4 g4 16. a5 a6 17. Qb3 Kh8 18. b5 axb5 19. cxd6 cxd6 20. Bb6 Qe8 21. Nxb5 Qg6 22. Nxd6 gxf3 23. Bxf3 Nfxd5 24. Nxc8 Nxc8 25. Bc5 Nf6 26. Bxf8 Bxf8 27. Qxb7 Bc5+ 28. Kh1 Nb6 29. Nc2 Ng4 30. Bxg4 Qxg4 31. axb6 Rg8 32. Ne1 Qe2 33. Qa6 Qxe4 34. b7 Rb8 35. Qh6+ Kg8 36. Nf3 Qxb7 37. Qe6+ Qf7 38. Qxe5 1-0

[Event "Curitiba CXC 70 anos"]
[Site "Curitiba"]
[Date "2008.11.??"]
[Round "3"]
[White "Machado Ribeiro, Andre Luiz"]
[Black "Cordioli, Lourenco Joao"]
[Result "1-0"]
[WhiteElo "2143"]
[BlackElo "1993"]
[PlyCount "35"]
[EventDate "2008.11.??"]
[EventType "swiss"]
[EventRounds "6"]
[EventCountry "BRA"]
[SourceTitle "EXT 2022"]
[Source "ChessBase"]
[SourceDate "2021.10.06"]
[SourceVersion "1"]
[SourceVersionDate "2021.10.06"]
[SourceQuality "1"]

1. d4 d5 2. c4 c6 3. Nc3 e6 4. e3 Nf6 5. Nf3 Be7 6. Bd3 dxc4 7. Bxc4 b5 8. Bd3 a6 9. 0-0 c5 10. Qe2 Bb7 11. Rd1 Nbd7 12. e4 cxd4 13. Nxd4 Qc7 14. Bg5 0-0 15. Rac1 Qb6 16. e5 b4 17. exf6 gxf6 18. Qh5 1-0

[Event "Curitiba IRT CC"]
[Site "Curitiba"]
[Date "2007.05.20"]
[Round "9.1"]
[White "Araujo, Rafael Moreira"]
[Black "Machado Ribeiro, Andre Luiz"]
[Result "1-0"]
[WhiteElo "2155"]
[BlackElo "2165"]
[PlyCount "37"]
[EventDate "2007.05.18"]
[EventType "tourn"]
[EventRounds "9"]
[EventCountry "BRA"]
[SourceTitle "EXT 2022"]
[Source "ChessBase"]
[SourceDate "2021.10.06"]
[SourceVersion "1"]
[SourceVersionDate "2021.10.06"]
[SourceQuality "1"]

1. d4 Nf6 2. c4 g6 3. Nc3 Bg7 4. e4 d6 5. Nge2 0-0 6. Ng3 e5 7. d5 Nbd7 8. Be2 a5 9. h4 h5 10. Bg5 Nc5 11. Bxh5 gxh5 12. Nxh5 Ncd7 13. Qf3 Re8 14. Ne2 c6 15. Neg3 Bh8 16. Nf5 cxd5 17. cxd5 Ra6 18. Rh3 Qb6 19. Rg3 1-0

[Event "Curitiba IRT CC"]
[Site "Curitiba"]
[Date "2007.05.20"]
[Round "7.1"]
[White "Santana, Anderson Pereira"]
[Black "Machado Ribeiro, Andre Luiz"]
[Result "1-0"]
[WhiteElo "2026"]
[BlackElo "2165"]
[PlyCount "57"]
[EventDate "2007.05.18"]
[EventType "tourn"]
[EventRounds "9"]
[EventCountry "BRA"]
[SourceTitle "EXT 2022"]
[Source "ChessBase"]
[SourceDate "2021.10.06"]
[SourceVersion "1"]
[SourceVersionDate "2021.10.06"]
[SourceQuality "1"]

1. e4 e5 2. Nf3 Nc6 3. Bc4 Nf6 4. d3 Be7 5. Nc3 0-0 6. Be3 d6 7. Qd2 a6 8. h4 Na5 9. 0-0-0 b5 10. Bb3 Nxb3+ 11. axb3 c6 12. Rdg1 a5 13. g4 a4 14. h5 axb3 15. cxb3 Ra1+ 16. Nb1 Be6 17. g5 Ng4 18. Kc2 f5 19. exf5 Nxe3+ 20. Qxe3 Rxf5 21. Nd4 Rxf2+ 22. Qxf2 exd4 23. h6 c5 24. g6 hxg6 25. Rxg6 Bd5 26. Rxg7+ Kh8 27. Qf5 Bg8 28. h7 Bxb3+ 29. Kxb3 1-0

[Event "Curitiba IRT CC"]
[Site "Curitiba"]
[Date "2007.05.18"]
[Round "2.1"]
[White "Machado Ribeiro, Andre Luiz"]
[Black "Palozi, Paulo Ricardo"]
[Result "1/2-1/2"]
[WhiteElo "2165"]
[BlackElo "2014"]
[PlyCount "94"]
[EventDate "2007.05.18"]
[EventType "tourn"]
[EventRounds "9"]
[EventCountry "BRA"]
[SourceTitle "EXT 2022"]
[Source "ChessBase"]
[SourceDate "2021.10.06"]
[SourceVersion "1"]
[SourceVersionDate "2021.10.06"]
[SourceQuality "1"]

1. d4 d5 2. c4 c6 3. Nc3 Nf6 4. e3 e6 5. Nf3 Bd6 6. Bd3 Nbd7 7. 0-0 0-0 8. Re1 Re8 9. e4 dxe4 10. Nxe4 Nxe4 11. Bxe4 Nf6 12. Bc2 c5 13. b3 b6 14. Bb2 Bb7 15. Ne5 Qc7 16. Qd3 Rad8 17. Qh3 cxd4 18. Bxd4 Bb4 19. Bc3 Bxc3 20. Qxc3 Rd6 21. Rad1 Red8 22. Rxd6 Qxd6 23. Nf3 Qf4 24. Qe3 Qxe3 25. Rxe3 Bxf3 26. Rxf3 Kf8 27. Rd3 Rxd3 28. Bxd3 Ke7 29. f4 Kd6 30. b4 e5 31. fxe5+ Kxe5 32. Kf2 Kd4 33. Ke2 Ne4 34. a3 Nd6 35. Bxh7 g6 36. g4 Nxc4 37. h4 Ke5 38. h5 gxh5 39. gxh5 f5 40. a4 Kf6 41. Bg8 Ne5 42. h6 Nc6 43. h7 Kg7 44. b5 Ne7 45. Kf3 Ng6 46. Ke3 Nf8 47. Kf4 Nd7 1/2-1/2

[Event "BRA CEAX op 5th"]
[Site "Guarapari"]
[Date "2003.10.24"]
[Round "1"]
[White "Knoblauch, Walter Lucas"]
[Black "Machado Ribeiro, Andre Luiz"]
[Result "0-1"]
[WhiteElo "1746"]
[BlackElo "2166"]
[PlyCount "106"]
[EventDate "2003.10.24"]
[EventType "swiss"]
[EventRounds "6"]
[EventCountry "BRA"]
[SourceTitle "EXT 2006"]
[Source "ChessBase"]
[SourceDate "2005.11.24"]
[SourceVersion "1"]
[SourceVersionDate "2005.11.24"]
[SourceQuality "1"]

1. d4 Nf6 2. Bg5 Ne4 3. Bf4 d5 4. e3 g5 5. Be5 Rg8 6. Bd3 Bf5 7. f3 Nd6 8. Bxd6 Bxd3 9. Bxc7 Qxc7 10. Qxd3 Nd7 11. Qxh7 Nf6 12. Qf5 e6 13. Qd3 Rh8 14. h3 g4 15. Nd2 Qg3+ 16. Kf1 gxf3 17. Ndxf3 Ne4 18. Qe2 0-0-0 19. h4 Bh6 20. Rh3 Qxh3 21. Nxh3 Ng3+ 22. Kf2 Nxe2 23. Kxe2 f6 24. g4 Rdg8 25. g5 Bxg5 26. Nhxg5 fxg5 27. Nxg5 Rxh4 28. Nxe6 Rh2+ 29. Kd3 Rgg2 30. Rc1 Kd7 31. Nc5+ Kc6 32. b4 b6 33. Nb3 Kb5 34. a3 Ka4 35. c4 dxc4+ 36. Kxc4 Rc2+ 37. Rxc2 Rxc2+ 38. Kd3 Kxb3 39. d5 Rc8 40. Kd4 Kxa3 41. d6 Kxb4 42. Kd5 a5 43. e4 a4 44. e5 a3 45. d7 Rd8 46. Kc6 a2 47. e6 a1Q 48. Kc7 Qf6 49. Kd6 Rxd7+ 50. Kxd7 Kc5 51. e7 Qf7 52. Kd8 Kd6 53. e8Q Qc7# 0-1

[Event "BRA-ch sf2"]
[Site "Vitoria"]
[Date "2002.11.??"]
[Round "5"]
[White "Machado Ribeiro, Andre Luiz"]
[Black "Agdamus, Jose Luis"]
[Result "1/2-1/2"]
[WhiteElo "2124"]
[BlackElo "2310"]
[PlyCount "111"]
[EventDate "2002.11.??"]
[EventType "swiss"]
[EventRounds "7"]
[EventCountry "BRA"]
[SourceTitle "EXT 2006"]
[Source "ChessBase"]
[SourceDate "2005.11.24"]
[SourceVersion "1"]
[SourceVersionDate "2005.11.24"]
[SourceQuality "1"]

1. d4 Nf6 2. Bg5 c5 3. Bxf6 gxf6 4. d5 Qb6 5. Qc1 Bh6 6. e3 Rg8 7. c4 d6 8. Qc2 f5 9. Ne2 Na6 10. Nbc3 Bd7 11. f4 0-0-0 12. 0-0-0 e6 13. Ng3 Bg7 14. Be2 Nb4 15. Qd2 Qa5 16. Kb1 Ba4 17. Nxa4 Qxa4 18. a3 Kb8 19. Bh5 Rgf8 20. axb4 cxb4 21. Qd3 b3 22. Kc1 exd5 23. Qxd5 Qa1+ 24. Kd2 Qxb2+ 25. Ke1 Qc2 26. Bf3 Rd7 27. Qd3 Bc3+ 28. Kf1 a5 29. Ne2 Bb2 30. Nd4 Bxd4 31. exd4 Rc8 32. Bd5 Qxd3+ 33. Rxd3 a4 34. Kf2 b5 35. cxb5 Rc2+ 36. Kg3 Ka7 37. Ra1 b2 38. Rxa4+ Kb6 39. Rb3 Rc3+ 40. Rxc3 b1Q 41. Ra6+ Kxb5 42. Rb3+ Qxb3+ 43. Bxb3 Kxa6 44. Bc2 f6 45. Bxf5 Rg7+ 46. Kf3 Kb5 47. d5 Kc4 48. Be6 Kd4 49. g4 Ra7 50. g5 fxg5 51. fxg5 Ke5 52. Kg4 Re7 53. h4 Rxe6 54. dxe6 Kxe6 55. Kh5 Kf7 56. Kh6 1/2-1/2